Blurred vision (Record no. 83728)
[ view plain ]
| 000 -LEADER | |
|---|---|
| fixed length control field | 00825cab a22001935a 4500 |
| 001 - CONTROL NUMBER | |
| control field | L154872 |
| 008 - FIXED-LENGTH DATA ELEMENTS--GENERAL INFORMATION | |
| fixed length control field | 120124e20120121xxk 000 0 eng d |
| 035 ## - SYSTEM CONTROL NUMBER | |
| System control number | (Sirsi) u154872 |
| 041 0# - LANGUAGE CODE | |
| Language code of text/sound track or separate title | eng |
| 100 1# - MAIN ENTRY--PERSONAL NAME | |
| Personal name | Barnard, Lucy |
| 245 00 - TITLE STATEMENT | |
| Title | Blurred vision |
| 260 ## - PUBLICATION, DISTRIBUTION, ETC. | |
| Date of publication, distribution, etc. | 2012 |
| 490 ## - SERIES STATEMENT | |
| Series statement | Estates Gazette |
| Volume/sequential designation | (1203) 21 January 2012, 62-65(3) |
| 520 04 - SUMMARY, ETC. | |
| Summary, etc. | The decision to grant approval for phase one of HS2 has led to renewed calls for the government to clarify the outdated Compulsory Purchase Order system. Features the Law Commission's 2003 proposals for compulsory purchase compensation which are designed to maintain and build on the main features of the existing law within a simpler and more logical structure. |
| 590 ## - LOCAL NOTE (RLIN) | |
| Local note | KA |
| 651 #4 - SUBJECT ADDED ENTRY--GEOGRAPHIC NAME | |
| Geographic name | United Kingdom |
| Chronological subdivision | |
| 690 ## - LOCAL SUBJECT ADDED ENTRY--TOPICAL TERM (OCLC, RLIN) | |
| Topical term or geographic name as entry element | Compulsory purchase |
| 9 (RLIN) | 6228 |
| 942 ## - ADDED ENTRY ELEMENTS (KOHA) | |
| Suppress in OPAC | 0 |
| Source of classification or shelving scheme | Dewey Decimal Classification |
| Withdrawn status | Lost status | Source of classification or shelving scheme | Damaged status | Not for loan | Home library | Current library | Shelving location | Date acquired | Total Checkouts | Full call number | Barcode | Date last seen | Copy number | Price effective from | Koha item type |
|---|---|---|---|---|---|---|---|---|---|---|---|---|---|---|---|
| Dewey Decimal Classification | London | London | Journal article | 24/01/2012 | L154872 | 154872-1001 | 06/08/2019 | 1 | 06/08/2019 | Journal article |